000 00766nam a2200253Ia 4500
003 OSt
005 20220928102113.0
006 a|||||r|||| 00| 0
007 ta
008 220927b |||||||| |||| 00| 0 hin d
020 _cINR 400.00
024 _a144601
037 _b10137, 13/03/2021, Rajkamal Prakashan Pvt.Ltd.
_cTextual
040 _aSDCL
_cSDCL
_bhin
041 _2hin
_ahin
082 _aP152:795, R0
100 _aSameer Shrenarayan
_9396621
245 0 _aAnuvaad ka naya vimarsh
260 _aPrayagraaj
_bLok Bharti Prakashan
_c2020
300 _a142p.
_ccm.
650 _aHindi
_9391598
942 _hP152:795, R0
_cTEXL
_2CC
999 _c712369
_d712369